<?xml version="1.0" encoding="UTF-8"?><?xml-stylesheet type="text/xsl" href="static/style.xsl"?><OAI-PMH xmlns="http://www.openarchives.org/OAI/2.0/" xmlns:xsi="http://www.w3.org/2001/XMLSchema-instance" xsi:schemaLocation="http://www.openarchives.org/OAI/2.0/ http://www.openarchives.org/OAI/2.0/OAI-PMH.xsd"><responseDate>2026-04-17T05:56:56Z</responseDate><request verb="GetRecord" identifier="oai:www.recercat.cat:10230/44408" metadataPrefix="marc">https://recercat.cat/oai/request</request><GetRecord><record><header><identifier>oai:recercat.cat:10230/44408</identifier><datestamp>2025-12-20T16:50:33Z</datestamp><setSpec>com_2072_6</setSpec><setSpec>col_2072_452952</setSpec></header><metadata><record xmlns="http://www.loc.gov/MARC21/slim" xmlns:dcterms="http://purl.org/dc/terms/" xmlns:xsi="http://www.w3.org/2001/XMLSchema-instance" xmlns:doc="http://www.lyncode.com/xoai" xsi:schemaLocation="http://www.loc.gov/MARC21/slim http://www.loc.gov/standards/marcxml/schema/MARC21slim.xsd">
   <leader>00925njm 22002777a 4500</leader>
   <datafield ind2=" " ind1=" " tag="042">
      <subfield code="a">dc</subfield>
   </datafield>
   <datafield ind2=" " ind1=" " tag="720">
      <subfield code="a">Braun, Michael</subfield>
      <subfield code="e">author</subfield>
   </datafield>
   <datafield ind2=" " ind1=" " tag="720">
      <subfield code="a">Behr, Dorothée</subfield>
      <subfield code="e">author</subfield>
   </datafield>
   <datafield ind2=" " ind1=" " tag="720">
      <subfield code="a">Díez Medrano, Juan</subfield>
      <subfield code="e">author</subfield>
   </datafield>
   <datafield ind2=" " ind1=" " tag="260">
      <subfield code="c">2020-05-05T09:06:08Z</subfield>
   </datafield>
   <datafield ind2=" " ind1=" " tag="260">
      <subfield code="c">2020-05-05T09:06:08Z</subfield>
   </datafield>
   <datafield ind2=" " ind1=" " tag="260">
      <subfield code="c">2018</subfield>
   </datafield>
   <datafield ind2=" " ind1=" " tag="520">
      <subfield code="a">The measurement of cosmopolitanism, i.e. the feeling of being a citizen of the world and the corresponding openness towards other cultures and peoples, has proved to be challenging and several scholars have questioned its validity. In this paper, we use web probing, i.e. implementing probing techniques of cognitive interviewing in web surveys, to elucidate the meaning of a frequently used direct measure of cosmopolitanism that asks respondents to what extent they feel they are “a citizen of the world”. As a single-item measure, it cannot be analyzed by statistical approaches such as confirmatory factor analysis. We compare results from Spain, Denmark, Hungary, Germany, Canada, and the U.S. Though the majority of the respondents show an understanding of the item which corresponds to the intention of the researchers, a large part of them does not. In addition, some country differences in the open answers make sense but other differences between countries are hard to explain. We conclude that asking people to what extent they feel they are “a citizen of the world” does not capture well the concept of cosmopolitanism as used in the literature.</subfield>
   </datafield>
   <datafield tag="653" ind2=" " ind1=" ">
      <subfield code="a">Cosmopolitan attitudes</subfield>
   </datafield>
   <datafield tag="653" ind2=" " ind1=" ">
      <subfield code="a">International comparisons</subfield>
   </datafield>
   <datafield tag="653" ind2=" " ind1=" ">
      <subfield code="a">Open answers</subfield>
   </datafield>
   <datafield tag="653" ind2=" " ind1=" ">
      <subfield code="a">Web probing</subfield>
   </datafield>
   <datafield ind2="0" ind1="0" tag="245">
      <subfield code="a">What do respondents mean when they report to be &amp;quot;citizens of the world&amp;quot;? Using probing questions to elucidate international differences in cosmopolitanism</subfield>
   </datafield>
</record></metadata></record></GetRecord></OAI-PMH>